000 00625nam a22001937a 4500
999 _c57530
_d57530
005 20200702133003.0
008 200702s2015 eng||||| |||| 00| 0 enk d
020 _a9781632400260
041 _aeng
080 _a53+621.1 A-20
245 _aAdvanced Simulated Annealing /
_cby Brian Maxwell (Editor).
264 _aNew Jersey:
_bCLANRYE INTERNATIONAL,
_c2015.
300 _a304 pages
_b23 cm.
653 _aფიზიკა
653 _aინჟინერია
653 _aსტატიკური მექანიკა
700 _aMaxwell, Brian
_eრედაქტორი
_99003
942 _2udc
_cBK